| 000 | 00508nam a22001937a 4500 | ||
|---|---|---|---|
| 003 | OSt | ||
| 005 | 20180116183040.0 | ||
| 008 | 160222b xxu||||| |||| 00| 0 eng d | ||
| 020 | _a05-705-2013-2 | ||
| 040 | _c0 | ||
| 050 | _a174.4 | ||
| 082 | _a174.4 | ||
| 100 | _aAhmad,Ghufran. | ||
| 245 |
_aLeadership and Social Responsibility:A Developmental Perspective. _bCase Studies. _cDr.Ghufran Ahmad |
||
| 260 |
_aLahore _bLUMS _c2013 |
||
| 300 | _a20p. | ||
| 500 | _aPaper Cover | ||
| 942 |
_2ddc _cCS _k174.4 |
||
| 999 |
_c351215 _d351215 |
||